Supply Chain Management : (Record no. 17038)
[ view plain ]
| 000 -LEADER | |
|---|---|
| fixed length control field | 00906cam a2200217 a 4500 |
| 001 - CONTROL NUMBER | |
| control field | 15948384 |
| 005 - DATE AND TIME OF LATEST TRANSACTION | |
| control field | 20120927163138.0 |
| 008 - FIXED-LENGTH DATA ELEMENTS--GENERAL INFORMATION | |
| fixed length control field | 091016s2010 nju b 001 0 eng |
| 020 ## - INTERNATIONAL STANDARD BOOK NUMBER | |
| International Standard Book Number | 9780470531884 |
| 082 00 - DEWEY DECIMAL CLASSIFICATION NUMBER | |
| Classification number | 658.5 |
| Edition number | 22 |
| Item number | BLA |
| 100 1# - MAIN ENTRY--PERSONAL NAME | |
| Personal name | Blanchard, David, |
| Dates associated with a name | 1958- |
| 9 (RLIN) | 31003 |
| 245 10 - TITLE STATEMENT | |
| Title | Supply Chain Management : |
| Remainder of title | Best Practices / |
| Statement of responsibility, etc | David Blanchard. |
| 250 ## - EDITION STATEMENT | |
| Edition statement | 2nd ed. |
| 260 ## - PUBLICATION, DISTRIBUTION, ETC. (IMPRINT) | |
| Place of publication, distribution, etc | Hoboken, N.J. : |
| Name of publisher, distributor, etc | John Wiley & Sons, |
| Date of publication, distribution, etc | c2010. |
| 300 ## - PHYSICAL DESCRIPTION | |
| Extent | xviii, 280 p. ; |
| Dimensions | 24 cm. |
| 504 ## - BIBLIOGRAPHY, ETC. NOTE | |
| Bibliography, etc | Includes bibliographical references and index. |
| 505 0# - FORMATTED CONTENTS NOTE | |
| Formatted contents note | If supply chain is the answer, then what's the question? -- Anatomy of a supply chain -- Supply chain metrics -- Planning and forecasting -- Procurement -- Manufacturing -- Transportation -- Distribution and warehousing -- Site selection -- Globalization. |
| 650 #0 - SUBJECT ADDED ENTRY--TOPICAL TERM | |
| Topical term or geographic name as entry element | Business logistics. |
| 9 (RLIN) | 31004 |
| 653 ## - INDEX TERM--UNCONTROLLED | |
| Resource For college | |
| Arrived date list | September2012 |
| 942 ## - ADDED ENTRY ELEMENTS (KOHA) | |
| Source of classification or shelving scheme | Dewey Decimal Classification |
| Item type | Book - Borrowing |
| Withdrawn status | Item status | Source of classification or shelving scheme | Damaged status | Not for loan | Vendor | Home library | Current library | Shelving location | Date acquired | Source of acquisition | Cost, normal purchase price | Serial Enumeration / chronology | Total Checkouts | Total Renewals | Full call number | Barcode | Date last seen | Date last borrowed | Koha item type |
|---|---|---|---|---|---|---|---|---|---|---|---|---|---|---|---|---|---|---|---|
| Dewey Decimal Classification | Baccah | Central Library | Central Library | First floor | 27/09/2012 | 310.00 | 3 | 3 | 3 | 658.5 BLA | 000027463 | 15/07/2025 | 10/02/2018 | Book - Borrowing | |||||
| Dewey Decimal Classification | Baccah | Central Library | Central Library | First floor | 27/09/2012 | 310.00 | 3 | 1 | 658.5 BLA | 000027464 | 15/07/2025 | 02/04/2018 | Book - Borrowing | ||||||
| Dewey Decimal Classification | Baccah | Central Library | Central Library | First floor | 27/09/2012 | 310.00 | 3 | 1 | 658.5 BLA | 000027465 | 15/07/2025 | 23/02/2016 | Book - Borrowing | ||||||
| Dewey Decimal Classification | Baccah | Central Library | Central Library | First floor | 27/09/2012 | 310.00 | 3 | 2 | 9 | 658.5 BLA | 000027466 | 15/07/2025 | 06/04/2016 | Book - Borrowing | |||||
| Dewey Decimal Classification | Baccah | Central Library | Central Library | First floor | 27/09/2012 | 310.00 | 3 | 3 | 21 | 658.5 BLA | 000027467 | 15/07/2025 | 19/02/2017 | Book - Borrowing |